000
00292nam a2200121Ia 4500
008
191201s2011 xx 000 0 und d
100
_a
BALAGURUSAMY,E
245
0
_a
Programming with JAVA: A Primer
260
_a
N. Delhi
_b
TMH
_c
2011
300
_a
454
650
_a
B.Tech(IT)
942
_2
ddc
_c
BK
999
_c
6390
_d
6390